Legislative Drafting Session : 1984-1985 Farm Commodity Programs.

Contains transcript of Committee markup session on H.R. 4072, to revise USDA commodity price support and acreage allotment programs for crop years 1984-1985, and to authorize Public Law 480 food assistance and Commodity Credit Corp. export credit programs. Amended bill was favorably reported.

Bibliographic Details
Format: eBook
Language:English
Published: [Washington : U.S. G.P.O.], 1984.
Subjects:
Online Access:Electronic resource (PDF)

MARC

Tag First Indicator Second Indicator Subfields
LEADER 00000cam a22000001i 4500
001 in00004134021
005 20200117091046.0
006 m d f
007 cr bn mmmapmmp
008 091109s1984 dcu o f000 0 eng d
035 |a cis2007529654 
040 |a UMI  |b eng  |e rda  |c UMI  |d UtOrBLW 
110 1 |a United States.  |b Congress.  |b Senate.  |b Committee on Agriculture, Nutrition, and Forestry,  |e issuing body.  |0 http://id.loc.gov/authorities/names/n78080632 
245 1 0 |a Legislative Drafting Session :  |b 1984-1985 Farm Commodity Programs. 
264 1 |a [Washington :  |b U.S. G.P.O.],  |c 1984. 
300 |a 50 pages, digital, PDF file. 
336 |a text  |2 rdacontent  |b txt 
337 |a computer  |b c  |2 rdamedia 
338 |a online resource  |2 rdacarrier  |b cr 
500 |a Record is based on bibliographic data in ProQuest Congressional Hearings Digital Collection (last viewed July 2018) Reuse except for individual research requires license from ProQuest, LLC. 
520 |a Contains transcript of Committee markup session on H.R. 4072, to revise USDA commodity price support and acreage allotment programs for crop years 1984-1985, and to authorize Public Law 480 food assistance and Commodity Credit Corp. export credit programs. Amended bill was favorably reported. 
538 |a System requirements: PDF reader software. 
500 |a Electronic resource. 
650 0 |a Wheat.  |0 http://id.loc.gov/authorities/subjects/sh85146366 
650 0 |a Corn.  |0 http://id.loc.gov/authorities/subjects/sh85032625 
650 0 |a Cotton.  |0 http://id.loc.gov/authorities/subjects/sh85033302 
730 0 |a ProQuest U.S. Congressional Hearings Digital Collection. 
776 0 8 |a United States. Congress. Senate. Committee on Agriculture, Nutrition, and Forestry.  |t Legislative Drafting Session: 1984-1985 Farm Commodity Programs.  |o 98 SAg-T.4 
856 4 0 |u http://proxy.library.tamu.edu/login?url=http://congressional.proquest.com/congcomp/getdoc?HEARING-ID=HRG-1984-ANF-0032  |y Electronic resource (PDF)  |t 0 
999 f f |s 91dbd73d-894e-34a8-a0bc-4d66339049af  |i 4985554d-8c05-31f9-b9d6-159f6bd2182b  |t 0 
952 f f |a Texas A&M University  |b College Station  |c Electronic Resources  |d Available Online  |t 0  |h No information provided 
998 f f |t 0  |l Available Online